000 00364nam a2200133Ia 4500
005 20260326235458.0
008 260326s9999||||xx |||||||||||||| ||und||
100 _aStratemann, Siegfried
245 0 _aPlantas de Viviendas en Casas de pisos /
_cSiegfried Stratemann
260 _bGustavo Gili
300 _a194 p.
650 _aARQUITECTURA RESIDENCIAL
942 _cBK
999 _c7983
_d7983